000 01095nam a22003137a 4500
001 5174
003 FISKH
005 20241108130748.0
008 241108b cb ||||| |||| 00| 0 eng d
020 _a9780545399340
040 _aFISKH
_beng
_cFISKH
_dFISKH
050 _aPZ7.N67185
082 _a813.6
100 _aNoël, Alyson
245 _aShimmer /
_cby Alyson Noël
250 _aFirst Scholastic printing, September 2011
260 _aNew York :
_bScholatic ;
_c2011 .
300 _a196 pages :
_billustrations ;
_c20 cm .
490 _aA Riley Bloom Book
505 _aZ
520 _aRiley, dead at age twelve and now a Soul Catcher, works with her teacher Bodhi to help Rebecca, the daughter of a former plantation owner who, furious about being murdered during a 1733 slave revolt, is keeping those who died with her from crossing over.
521 8 _a1120
_bLexile
521 8 _aR
_bRaz-Plus
650 _ayoung adult
_vfiction
650 _aafterlife
_vfiction
700 _aKolesva, Juliana
_eillustrator
942 _2ddc
_cBK
_n0
999 _c5174
_d5174